00482nam a22001695i 450000100060000000300090000600500170001500700030003200800410003504000200007610000370009624500620013325000130019526000550020830000270026385200220029068628ES-MaACL20250805064135.0t|960812s1877 fr ||||1| fre d aCAM bspa cCAM1 aGautier, Théophile,d1811-187210aSpirite b: nouvelle fantastique / cThéophile Gautier. a4e éd. aParis : bG. Charpentier, c1877 (fimp. J. Claye) a[4], 235 p. ; c18 cm. aES-MaACLjG-14480